| 000 | 00632 a2200193 4500 | ||
|---|---|---|---|
| 999 |
_c7908 _d7908 |
||
| 010 | _aENG-88246 | ||
| 020 |
_a8131302163 _c695.00 |
||
| 035 | _aEN-71779 | ||
| 037 | _bDBAD / PUB | ||
| 082 | 1 | 4 | _a613.7046 |
| 100 | 1 | _aTiwari, Saket Raman | |
| 245 | 1 |
_aTeaching of yoga/ _cby Saket Raman Tiwari; edited by Y. K. Singh |
|
| 260 |
_aNew Delhi _bAPH Publishing Corporatioon _c2007 |
||
| 270 |
_a5, Ansari Road, Darya Ganj _bNew Delhi _c110 002 _maphbooks@vsnl.net |
||
| 300 |
_ax, 290 p. _c21cm (Hb) |
||
| 500 | _aincludes bibliographical refrence | ||
| 700 | 1 | _aSingh, Y. K. | |
| 942 |
_adpl _cEN _2ddc _h613.7076 _mTIW |
||